000 00411nam a22001577a 4500
005 20251108164043.0
008 250721s9999 xx 000 0 ara d
082 1 4 _a191/عبا
100 1 _aالعقاد، عباس محمود
245 1 0 _aإبليس /
264 1 _aبيروت :
_bالمكتبة العصرية،
_c[19-].
300 _a204ص
650 1 7 _aالفلسفة
942 _2ddc
_cBK
999 _c2435
_d2435